| 000 | 00528nam a2200193 a 4500 | ||
|---|---|---|---|
| 005 | 20240806063841.0 | ||
| 008 | 991125s1994 mx 000 0 spa u | ||
| 020 | _a9682948401 | ||
| 035 | _aUPN01000019082 | ||
| 049 | _aCG | ||
| 050 | 4 |
_aPQ7297 C6 _bE4 |
|
| 100 | 1 | _aConde, Rosina | |
| 245 | 1 | 0 |
_aEmbotellado de origen / _cRosina Conde. |
| 260 |
_aMéxico : _bCNCA : _bInstituto de Cultura de Aguascalientes, _c1994. |
||
| 300 | _a109 p. | ||
| 440 | 4 | _aLos cincuenta | |
| 650 | 4 |
_aLiteratura mexicana _94466 |
|
| 905 | _aLibro | ||
| 999 |
_c19082 _d19082 |
||